000 00388nam a2200157Ia 4500
003 GCL
008 140319s9999 xx 000 0 eng d
040 _aGCL /
_cGCL
082 0 4 _a801.95
_bB C
100 1 _aBELSEY, CATHERINE
245 1 0 _aCRITICAL PRACTICE /
_cBELSEY, CATHERINE
260 _a[S.N] :
_bROUTLEDGE ،
_c1980
300 _a168 P
650 0 4 _aCRITICISM
942 _2ddc
_cBK
999 _c24816
_d24816